| 000 | 00617nam a2200193 4500 | ||
|---|---|---|---|
| 001 | 140536 | ||
| 003 | ES-MaACL | ||
| 005 | 20250808031136.0 | ||
| 007 | t| | ||
| 008 | 070214s1911 fr r ||||1| fre d | ||
| 100 | 1 |
_aSeignobos, Charles ( _d1854-1942) _9105259 |
|
| 245 | 1 | 0 |
_aHistoire moderne _b: 1715-1815 / _cpar Ch. Seignobos et Albert Métin. |
| 260 |
_aParis : _bLibrairie Armand Colin, _c1911 ( _eCoulommiers : _fPaul Brodard) |
||
| 300 |
_a603 p. ; _c18 x 12 cm. |
||
| 650 | 7 |
_aHistoria moderna _2embne _913420 |
|
| 700 | 1 |
_aMétin, Albert. _980729 |
|
| 852 |
_aES-MaACL _jB-2707 |
||
| 999 |
_c140536 _d140536 |
||